Spamätajme sa

Bibliographic Details
Main Author: Kristinová, Eva, 1928-2020 (Author)
Format: Article
Language:Slovak
Subjects:

MARC

LEADER 00000nab a2200000 a 4500
001 vtls000438529
003 SK-MaSNL
005 20260303204839.0
008 180409c1991 xo 0 slo
015 |a SNBRB19rr/mm-uuuuu 
035 |a CL0438657 
040 |a SNKBUCL  |b slo  |c SNKBUCL  |e AACR2 
041 0 |a slo 
044 |a xo  |c SK 
080 |a 943.76"19"  |2 1981 
080 |a 940.53  |2 1981 
080 |a 329.75  |2 1981 
100 1 |a Kristinová, Eva,  |d 1928-2020  |4 aut  |9 201231 
245 1 0 |a Spamätajme sa  |c Eva Kristínová 
650 0 7 |a Slovenské národné povstanie (1944)  |2 snkbucl  |9 177948 
655 7 |a články z novín a časopisov  |2 snkbucl  |9 267496 
773 0 |t Slovenské národné noviny  |g Roč. 2, č. 44 (1991), s. 6 
850 |a Slovenská národná knižnica v Martine  |a MTA001 
852 |a SNK  |b KIS3GCP 
958 |a RK 
992 |a RBX 
999 |c 2192129  |d 2194059